Study on newcastle disease of local chicken and their antibodies by using ha and hi-test at cheung prey district, kampong cham province; សិក្សាលើជំងឺញ៉ូូវកាសរបស់មាន់ស្រុក និងអង់ទីកររបស់វាតាមរយៈ HAនិងHI-Test ស្រុកជើងព្រៃ ខេត្តកំពង់ចាម (Record no. 10884)

000 -LEADER
fixed length control field 00839nam a22001337a 4500
040 ## - CATALOGING SOURCE
Transcribing agency RUA
082 ## - DEWEY DECIMAL CLASSIFICATION NUMBER
Classification number VEM HEA 2015 B533 Or.1
100 ## - MAIN ENTRY--AUTHOR NAME
Personal name HEANG KIMSRUO; ហៀង គីមស្រួ
245 ## - TITLE STATEMENT
Title Study on newcastle disease of local chicken and their antibodies by using ha and hi-test at cheung prey district, kampong cham province; សិក្សាលើជំងឺញ៉ូូវកាសរបស់មាន់ស្រុក និងអង់ទីកររបស់វាតាមរយៈ HAនិងHI-Test ស្រុកជើងព្រៃ ខេត្តកំពង់ចាម
260 ## - PUBLICATION, DISTRIBUTION, ETC. (IMPRINT)
Place of publication PHNOM PENH
Name of publisher HEA
Year of publication 2015
300 ## - PHYSICAL DESCRIPTION
Number of Pages x;35p.
Other physical details ill.
Dimensions 29cm.
856 ## - ELECTRONIC LOCATION AND ACCESS
Uniform Resource Identifier STUDY ON NEWCASTLE DISEASE OF LOCAL CHICKEN AND THEIR ANTIBODIES BY USING HA AND HI-TEST AT CHEUNG PREY DISTRICT KAMPONG CHAM PROVINCE
942 ## - ADDED ENTRY ELEMENTS (KOHA)
Koha item type VEM
952 ## - LOCATION AND ITEM INFORMATION (KOHA)
Withdrawn status [LOCAL, KOHA] 0
952 ## - LOCATION AND ITEM INFORMATION (KOHA)
Withdrawn status [LOCAL, KOHA] 0
952 ## - LOCATION AND ITEM INFORMATION (KOHA)
Withdrawn status [LOCAL, KOHA] 0
952 ## - LOCATION AND ITEM INFORMATION (KOHA)
Withdrawn status [LOCAL, KOHA] 0
952 ## - LOCATION AND ITEM INFORMATION (KOHA)
Withdrawn status [LOCAL, KOHA] 0
952 ## - LOCATION AND ITEM INFORMATION (KOHA)
Withdrawn status [LOCAL, KOHA] 0
952 ## - LOCATION AND ITEM INFORMATION (KOHA)
Withdrawn status [LOCAL, KOHA] 0
Holdings
Permanent Location Date acquired Koha item type Lost status Shelving location Barcode Current Location Full call number
Library Block B2016-11-23VEM B533A03151Library Block BVEM HEA 2015 B533 Or.1
Library Block B2016-11-23VEM B533A00178Library Block BVEM HEA 2015 B533 Or.2
Library Block B2016-11-23VEM B533A04117Library Block BVEM HEA 2015 B533 Or.3
Library Block B2016-11-23VEM B533A03078Library Block BVEM HEA 2015 B533 Or.4
Library Block B2016-11-23VEM B533A04101Library Block BVEM HEA 2015 B533 Or.5
Library Block B2016-11-23VEM B533A04176Library Block BVEM HEA 2015 B533 Or.6
Library Block B2016-11-23VEM B533A03233Library Block BVEM HEA 2015 B533 Or.7
មជ្ឈមណ្ឌលឯការនៃសាកលវិទ្យាល័យភូមិន្ទកសិកម្មចំការដូង

Powered by Koha